01412naa a22003857a 4500001001000000003000900010005001700019007000300036008003400039040005400073041000900127072001400136090001800150100002100168100002000189100001500209100001600224100002000240100002100260111008000281245008500361260004000446500011300486650001000599650001200609650000900621650001400630650003200644650002200676773011000698909003600808942001400844999001900858952014900877BR9511956BR-BrBNA20240918181751.0ta230509b bl.||||| |||| 00| 0 por d aBR-BrBNAbporcBiblioteca Nacional de Agricultura a(Pt) aF30b0120 aF30 BR95119561 aSilva, L.C.M. da1 aGuadagnin, J.P.1 aNuss, C.N.1 aSchmidt, E.1 aSimonetto, P.R.1 aCorrea, O. de O.1 a30. Reuniao Tecnica Anual do MilhocPorto Alegre, RS (Brazil)d6-8 Oct 19851 aAvaliacao preliminar de hibridos de milho no estado do Rio Grande do Sul 1984/853 aPorto Alegre, RS (Brasil): c1985.  a30. Reuniao Tecnica Anual do Milho. 1985. Ata Porto Alegre, RS (Brasil): 1985. p. 164-181 (BR9511956-AM)F30  aMilho aHibrido aGrao aVariedade aCaracteristicas Agronomicas aRio Grande do Sul0 t30. Reuniao Tecnica Anual do Milho. 1985. AtawF30 BR9511956gPorto Alegre, RS (Brasil), 1985. p. 164-181 a202404bLuciac55dLucia Elande cAM2AGRIS c326729d326729 002AGRIS40708Acervo Gerala41918b41918cAgrobasel0o0120 BR9511937r2024-05-20t01yAM10d2024-04-11ePortaria Interministerial nÂș 164/94